000 00344nam a2200157Ia 4500
100 _aGriffiths/David J
250 _a2
942 _cBK
366 _f20
654 _aquantum
245 _aIntroduction to Quantum Mechanics
260 _bPearson Education
_aMumbai
_c2005
082 _a530.12/GRI
_bGRI
300 _a480
546 _aENGLISH
999 _c20436
_d20436